banner-ar

اكتب وتكلم الايطالية بسهولة : (Record no. 522)

MARC details
000 -الفاتح
حقل البيانات ثابتة الطول 00760nam a2200181Ia 4500
008 - عناصر البيانات ثابتة الطول - معلومات عامة
حقل البيانات ثابتة الطول 140319s9999 xx 000 0 ara d
040 ## - مصدر الفهرسة
وكالة الفهرسة الأصلية GCL /
وكالة النسخ GCL
082 04 - رقم تصنيف ديوى العشرى
رقم التصنيف 451.07
رقم المادة د ا
100 1# - المدخل الرئيسى - إسم شخصى
الإسم الشخصى دار الشمال للطباعة والنشر والتوزيع
245 10 - بيان العنوان
العنوان اكتب وتكلم الايطالية بسهولة :
بقية العنوان SCRIVERE E E PARLARE L,ITALIANO CON FACILITA /
بيان المسئوليه,etc دار الشمال للطباعة والنشر والتوزيع
250 ## - بيان الطبعة
بيان الطبعة الثانية
260 ## - PUBLICATION, DISTRIBUTION, ETC. (IMPRINT)
تاريخ النشر أو التوزيع 1999
300 ## - الوصف المادى
التعداد 303 ص ؛
أبعاد الوعاء 24 سم
650 04 - المدخل الاضافى بالموضوع-مصطلح موضوعى
مصطلح موضوعي اللغة الايطالية
650 04 - المدخل الاضافى بالموضوع-مصطلح موضوعى
مصطلح موضوعي اللغة الايطالية - تعليم وتدريس
942 ## - عناصر المدخل الإضافي( كوها)
مصدر التصنيف او مخطط الترفيف Dewey Decimal Classification
Koha [default] item type كتاب
260 ## - PUBLICATION, DISTRIBUTION, ETC. (IMPRINT)
-- بيروت :
-- دار الشمال للطباعة والنشر والتوزيع ،
Holdings
حالة التراجع حالة الفقد حالة تلف ليس للاعارة المكان المؤقت الموقع الحالى تاريخ الاكتساب اجمالي اﻻعارات رقم الطلب الباركود تاريخ اخر مشاهدة تاريخ تفعيل السعر نوع وعاء كوها
        مكتبة القاهرة الكبرى مكتبة القاهرة الكبرى 03/26/2014   451.07\د ا 1370 03/26/2014 03/26/2014 كتاب
        مكتبة القاهرة الكبرى مكتبة القاهرة الكبرى 03/26/2014   451.07\د ا 1371 03/26/2014 03/26/2014 كتاب

Powered By

EGPV